[Event "Balkan Youth Online-ch 2020"]
[Site "Online"]
[Date "2020.10.31"]
[Round "2.41"]
[White "Andjelic, Djordje"]
[Black "Filippovskiy Nikita"]
[Result "1-0"]
[WhiteElo "1900"]
[BlackElo "1534"]
[Annotator "TA"]
[PlyCount "67"]
[EventDate "2020.10.31"]
[EventType "swiss"]
[SourceTitle "playchess.com"]
[Source "ChessBase"]
[SourceQuality "1"]

{[%evp 9,67,56,64,60,52,41,96,96,95,97,145,132,128,130,168,150,220,160,177,159,334,311,317,324,319,330,316,262,273,264,275,275,356,364,457,443,610,596,687,693,684,678,1354,1313,1296,593,736,715,795,785,816,816,819,778,913,913,1004,988,931,916]} 1. d4 Nf6 2. Bg5 h6 3. Bxf6 gxf6 4. e3 d6 5. c4 e5 6. Nc3 {[#] A45: Trompowsky Attack.} Nc6 $146 ({Predecessor:} 6... Bg7 7. g3 Nc6 8. Bg2 h5 9. h4 Bg4 10. Nge2 Bxe2 11. Nxe2 f5 12. Qa4 O-O 13. dxe5 Bxe5 {1-0 (22) Ionov,S (2535)-Wolf,S (2068) Hersonissos 2017}) 7. g3 Rg8 (7... Ne7 $14) 8. Bg2 $16 {White is better.} Bd7 9. Nge2 Qe7 10. Nd5 Qd8 11. O-O f5 12. b4 e4 (12... h5 $16 13. h4 Bg7) 13. c5 Be6 14. Ndc3 {Strongly threatening d5.} Nxb4 $2 (14... Bc4 $16 {was worth a try.}) 15. Qa4+ $18 {[%mdl 64] [#] Double Attack} Nc6 {intending ...Bd7.} 16. d5 {[%mdl 64] Double Attack, Pin} Bd7 17. dxc6 Bxc6 18. Qb3 dxc5 19. Rfd1 Bd6 20. Nf4 Qd7 21. Ncd5 {Hoping for Nf6+.} Bxd5 22. Nxd5 {White is clearly winning.} ({Not} 22. Rxd5 c6 $18) ({Less strong is} 22. Qxd5 O-O-O $18) 22... Qe6 23. Qxb7 {[%mdl 64] [#] Double Attack} Rd8 24. Nxc7+ Bxc7 25. Qxc7 {[%csl Gc7][%cal Rd1d8][%mdl 64] Double Attack} Qe7 26. Rxd8+ Qxd8 27. Qxd8+ Kxd8 {[%mdl 4096] Endgame KRB-KR} 28. Rc1 Ke7 29. Rxc5 Kf6 30. h4 Rd8 31. Bh3 Rd1+ 32. Kg2 Rd2 33. Rxf5+ Ke7 34. Ra5 {Black did not feel at home in the position after the opening. Av CentiPawn Loss W=-32/B=-68. Weighted=-50/-71} 1-0

[Event "Balkan Youth Online-ch 2020"]
[Site "Online"]
[Date "2020.10.31"]
[Round "2.42"]
[White "Boci, Petro"]
[Black "Jordanov Mihail"]
[Result "0-1"]
[WhiteElo "1434"]
[BlackElo "2105"]
[Annotator "TA"]
[PlyCount "70"]
[EventDate "2020.10.31"]
[EventType "swiss"]
[SourceTitle "playchess.com"]
[Source "ChessBase"]
[SourceQuality "1"]

{[%evp 20,70,57,53,56,58,50,47,42,0,12,0,59,-16,166,157,199,206,192,183,200,178,190,210,168,112,240,131,97,0,0,-36,0,-12,102,113,141,139,268,153,173,140,294,152,545,453,446,419,582,470,596,573,577]} 1. e4 e5 2. Nf3 Nc6 3. Bb5 a6 4. Ba4 Nf6 5. O-O Be7 6. Re1 b5 7. Bb3 d6 8. c3 Bg4 9. h3 Bh5 10. d4 exd4 11. cxd4 Bxf3 {C90: Closed Ruy Lopez with 7...d6: Early deviations.} 12. gxf3 O-O 13. Nc3 {[#]} Re8 $146 {White is slightly better.} ({Predecessor:} 13... Na5 14. Bc2 c5 15. d5 Nd7 16. f4 Bf6 17. Qd3 g6 18. Rb1 Bg7 19. Qg3 Qc7 {1-0 (75) Peczely,S (1967)-Czupor,A (1746) Celldoemoelk 2011}) 14. Bf4 Nh5 15. Bg3 Bh4 (15... Nxg3 $11 16. Bd5 Na5 17. Bxa8 (17. fxg3 c6 $11) 17... Nh5) 16. Ne2 (16. Bd5 $14 Qg5 17. f4 (17. Bxc6 Bxg3 18. Nd5 Nf4 $16) 17... Nxf4 18. Bxc6 Bxg3 19. Qg4) 16... Bf6 $2 (16... Na5 $11 {and Black has nothing to worry.}) 17. Bd5 $36 {[%mdl 2048] White is in control.} Qd7 18. Rc1 Ne7 19. Bxa8 Rxa8 20. e5 Bg5 21. f4 Bh6 22. Kh2 (22. Nc3 $1 $18 g6 23. Qg4) 22... Ng6 (22... c6 $16 23. Qb3 Nd5) 23. Qc2 (23. Qb3 $18 {Strongly threatening Qf3.} Rd8 24. Qf3 Nxg3 25. fxg3) 23... Nhxf4 $16 24. Ng1 (24. Nxf4 $16 Nxf4 25. Qc6 $1 {[%mdl 512]} Qxh3+ 26. Kg1) 24... dxe5 $11 25. Qe4 Rd8 {Threatens to win with ...f5.} 26. dxe5 Nd3 (26... Qc8 $11) 27. Rcd1 $16 Ngf4 28. Re3 {Hoping for e6!} c5 (28... Qd5 $16) 29. Bh4 (29. Rf3 $18) 29... g5 {[#]} 30. Rg3 $1 {aiming for Nf3.} Qe7 $2 (30... c4 $16) 31. Qf5 (31. Nf3 $18 f6 32. Qf5) 31... Rd4 $2 (31... c4 $16) 32. Bxg5 ({Weaker is} 32. Rdxd3 Rxd3 33. Qxf4 (33. Bxg5 Bxg5 34. Rxg5+ Ng6 $16) 33... Rxg3 $18) 32... Bxg5 33. Rxg5+ Kf8 34. Rg3 c4 35. Qxh7 {[%cal Rh7h8]} Ng6 {[%mdl 32768] Av CentiPawn Loss W=-41/B=-60. Weighted=-62/-100. Loss on time!?} 0-1

[Event "Balkan Youth Online-ch 2020"]
[Site "Online"]
[Date "2020.10.31"]
[Round "2.43"]
[White "Vaupot, Luka"]
[Black "Mitkov, Simeon-Alekzander"]
[Result "1-0"]
[WhiteElo "2010"]
[BlackElo "1319"]
[Annotator "TA"]
[PlyCount "79"]
[EventDate "2020.10.31"]
[EventType "swiss"]
[SourceTitle "playchess.com"]
[Source "ChessBase"]
[SourceQuality "1"]

{[%evp 15,78,-2,31,31,37,31,42,38,44,29,19,0,0,-59,-66,-97,-64,-60,-6,-59,-46,-72,32,-84,-81,-88,-96,-221,-220,-278,-78,-320,-320,-316,-313,-311,-332,-412,-390,-344,-190,-390,660,625,1233,1002,1233,1182,1243,1205,29988,29989,29989,29985,29985,29986,29993,29978,29995,29996,29996,29997,29997,29995,29999]} 1. d4 Nf6 2. c4 e6 3. g3 c6 4. Nf3 d5 5. Bg2 b6 6. O-O Bb7 7. Qc2 Nbd7 8. Nbd2 Bd6 9. e4 {E01: Catalan: Early deviations.} dxe4 10. Nxe4 Nxe4 11. Qxe4 {White is slightly better.} Qc7 12. Rd1 O-O 13. Bg5 h6 {[#]} 14. Bh4 $146 (14. Bxh6 $11 gxh6 15. Qg4+ Kh8 16. Qh5) ({Predecessor:} 14. Be3 Nf6 15. Qd3 Rfd8 16. Qc3 c5 17. dxc5 Bxc5 18. Bxh6 Bxf2+ 19. Kh1 Rxd1+ 20. Rxd1 Bxg3 21. hxg3 Qxg3 22. Re1 gxh6 23. Qxf6 Bxf3 24. Rg1 Qh3# {0-1 (24) Rasmussen,J (1737)-Hoel,J (1921) Lillehammer 2013}) 14... Rfe8 15. Rac1 f5 16. Qe3 Bf8 (16... c5 $15) 17. g4 ({Better is} 17. c5 $11) 17... f4 $36 {[%mdl 2048] Black has good play.} 18. Qe4 g5 (18... c5 $17 19. Qg6 cxd4 20. Rxd4 e5) 19. Bxg5 (19. Nxg5 $1 $14 {was the only good move.} hxg5 20. Bxg5) 19... hxg5 $17 20. Nxg5 {[%csl Gg5][%cal Re4h7]} Nf6 $1 {[%csl LRe4,LRg4]} 21. Qf3 {[#]} (21. Qg6+ $17 Qg7 22. Qxg7+ Bxg7 23. c5) 21... Bh6 $1 $19 {[%cal Rh6g5]} 22. h4 {[#]} Rab8 $2 (22... Bxg5 $1 $19 {has better winning chances.} 23. hxg5 Nh7) 23. Nxe6 $2 (23. Nh3 $17 c5 24. d5 exd5 25. g5) 23... Rxe6 24. g5 {[#]} Bxg5 $1 25. hxg5 Nh7 26. Qg4 Bc8 {And now ...Re1+! would win.} 27. Qh5 Kg7 (27... Qg7 $142 28. Bxc6 Nxg5) 28. d5 $2 (28. Re1 Qf7 29. Qh4) 28... cxd5 $4 {[%mdl 8192]} (28... Rg6 $19 29. d6 Qd7) 29. cxd5 $18 {[%mdl 64] Discovered Attack} Qe7 {Hoping for ...Rg6.} 30. dxe6 Bxe6 31. Qh6+ Kg8 32. Re1 Nf8 {[#]} 33. Bd5 $1 {[%mdl 512] White mates.} Re8 (33... Bxd5 34. Rxe7) 34. Bxe6+ Nxe6 35. Rc6 Qb4 36. Rcxe6 Rxe6 37. Qxe6+ Kh8 38. Qf6+ Kh7 39. Re7+ Kg8 40. Qg7# {Av CentiPawn Loss W=-46/B=-133. Weighted=-59/-146} 1-0

[Event "Balkan Youth Online-ch 2020"]
[Site "Online"]
[Date "2020.10.31"]
[Round "2.46"]
[White "Gavrilescu, David"]
[Black "Miletic, Vuk"]
[Result "1-0"]
[WhiteElo "2476"]
[BlackElo "2106"]
[Annotator "TA"]
[PlyCount "89"]
[EventDate "2020.10.31"]
[EventType "swiss"]
[SourceTitle "playchess.com"]
[Source "ChessBase"]
[SourceQuality "1"]

{[%evp 9,89,18,22,17,17,10,25,32,22,30,21,20,5,0,17,-14,-31,-20,-14,-20,-8,-18,-9,-9,0,-59,-29,-38,-35,-27,0,0,0,-29,72,-36,-23,-30,-7,-42,-31,-60,-57,-68,-58,-93,0,0,43,0,0,0,9,-8,0,-19,0,0,0,0,26,26,26,26,171,162,171,164,189,179,222,235,272,272,271,269,268,267,344,329,454,422]} 1. e4 c5 2. Nf3 Nc6 3. Bb5 g6 4. O-O Bg7 5. Nc3 e5 6. a3 {B31: Sicilian: 2...Nc6 3 Bb5 g6.} Nge7 7. b4 cxb4 8. axb4 {White has an edge.} O-O 9. Bc4 d6 10. b5 Nd4 11. Nxd4 exd4 {[#]} 12. Ne2 $146 ({Predecessor:} 12. Nd5 Nxd5 13. exd5 Re8 14. Qf3 d3 15. c3 Qh4 16. Bxd3 Be5 17. g3 Bg4 18. Qxf7+ Kxf7 19. gxh4 {1-0 (30) Jovanovic,Z (2507)-Mueer,S (2194) Germany 2019}) 12... d5 13. exd5 Nxd5 14. d3 Re8 15. Ng3 Nc3 16. Qf3 Qf6 {next ...Qxf3 is good for Black.} 17. Bf4 (17. Bb2 $11) 17... h5 {And now ...Bg4 would win.} 18. Bd2 $1 Qxf3 19. gxf3 Ne2+ 20. Kg2 {[#] Black must now prevent Rfe1.} h4 21. Ne4 h3+ 22. Kh1 {Threatens to win with Rfe1.} Be6 $1 23. Bxe6 Rxe6 24. Ng5 Rb6 25. Rfe1 Nc3 26. Bxc3 dxc3 27. Ra5 Rc8 (27... a6 $17 28. Rea1 Bf8 29. bxa6 (29. Nxh3 Bb4 $17) 29... Raxa6 30. Rxa6 Rxa6 31. Rxa6 bxa6 32. Nxh3 a5) 28. Nxh3 $11 Bh6 29. Re7 ({Of course not} 29. Rxa7 Rxb5 30. Re7 Rb2 $15) 29... Rc5 30. Rxa7 Rcxb5 31. Rc7 Bd2 32. f4 Rb2 33. Ng5 $36 {[%mdl 2048] White wants to mate with Ra8+. White has the initiative.} Rf6 34. Raxb7 {Ra7 is the strong threat.} Rxf4 35. Rc8+ Kg7 36. Ne6+ $1 {[%mdl 64] [#] Double Attack} Kf6 {Loses the game.} (36... Kh7 $1 $11) 37. Nxf4 $18 Rxb7 {[%mdl 4096] Endgame KRB-KRN} 38. Nd5+ Ke5 39. Nxc3 Bxc3 40. Rxc3 {KR-KR} Kf4 {intending ...Kf3.} 41. Kg2 Rb5 42. Rc4+ Ke5 43. Kf3 f5 44. d4+ Kf6 45. h4 {Av CentiPawn Loss W=-12/B=-20. Weighted=-11/-20} 1-0

[Event "Balkan Youth Online-ch 2020"]
[Site "Online"]
[Date "2020.10.31"]
[Round "2.47"]
[White "Karousos-Theodorakis, Nikolaos"]
[Black "Vlachos, Anatole"]
[Result "1-0"]
[WhiteElo "2244"]
[BlackElo "2437"]
[Annotator "TA"]
[PlyCount "49"]
[EventDate "2020.10.31"]
[EventType "swiss"]
[SourceTitle "playchess.com"]
[Source "ChessBase"]
[SourceQuality "1"]

{[%evp 9,49,6,36,33,40,39,35,30,48,36,192,188,193,189,354,348,343,359,754,741,710,480,470,475,481,457,460,466,468,455,503,508,541,515,515,469,474,450,1025,1020,29997,29998]} 1. e4 c5 2. Nf3 Nc6 3. Bb5 d6 4. Bxc6+ bxc6 5. e5 Bg4 6. h3 {B51: Sicilian: Moscow Variation (3 Bb5+) without 3...Bd7.} Bh5 7. Nc3 f6 8. exd6 {[#] White is slightly better.} exd6 $146 ({Predecessor:} 8... e5 9. d7+ Qxd7 10. d3 c4 11. Nxe5 Qf5 12. Nf3 O-O-O 13. g4 Qe6+ 14. Qe2 Bf7 {1-0 (44) Baklan,V (2584)-Gutman,L (2469) Northeim 2005}) 9. O-O g5 $2 (9... Qd7 $14) 10. Re1+ Ne7 {[#]} 11. d4 $1 cxd4 $2 (11... Bg7 {was necessary.}) 12. Qxd4 $18 Bg7 {[#]} 13. Nxg5 $1 {[%mdl 576] Strongly threatening Ne6. Pin} c5 $2 (13... Bf7 14. Nce4 O-O) (13... fxg5 14. Qxg7) 14. Qa4+ Qd7 15. Ne6 Qxa4 16. Nxg7+ ({Not} 16. Nxa4 Rg8 $18) 16... Kf7 17. Nxa4 Bg6 18. Ne6 Bxc2 19. Nc3 Rhg8 20. Bf4 Bf5 21. Nc7 Rad8 22. N7d5 Nxd5 23. Nxd5 Bxh3 (23... Rge8 $142 24. Rxe8 Kxe8) 24. Re7+ {[%mdl 64] Double Attack} Kf8 25. Bh6+ {Black did not feel at home in the position after the opening. Av CentiPawn Loss W=-20/B=-124. Weighted=-20/-184} 1-0

[Event "Balkan Youth Online-ch 2020"]
[Site "Online"]
[Date "2020.10.31"]
[Round "2.48"]
[White "Tisaj, Domen"]
[Black "Omorjan, Dejan"]
[Result "1/2-1/2"]
[WhiteElo "2274"]
[BlackElo "2259"]
[Annotator "TA"]
[PlyCount "171"]
[EventDate "2020.10.31"]
[EventType "swiss"]
[SourceTitle "playchess.com"]
[Source "ChessBase"]
[SourceQuality "1"]

{[%evp 15,171,16,15,16,22,0,15,-5,13,0,0,0,2,0,0,-5,-7,0,0,0,11,-181,-156,-195,-115,-111,-119,-128,-136,-179,-172,-206,-208,-220,-193,-184,-166,-172,-167,-166,-165,-285,-279,-290,-276,-283,-273,-271,-252,-285,-258,-258,-252,-259,-259,-252,-266,-290,-291,-291,-290,-360,-320,-313,-298,-308,-316,-327,-152,-138,0,-2,-14,-9,0,0,0,0,0,-192,-185,-202,-218,-233,-237,-243,-193,-200,-200,-322,-193,-193,-106,-200,-200,-200,-200,-200,-200,-200,-200,-300,-200,-200,-200,-203,-30,-41,-42,-53,-37,-55,-47,-36,0,0,0,0,0,0,0,0,0,0,0,0,0,0,0,0,0,0,0,-44,0,0,0,0,8,8,8,8,8,8,8,8,8,8,8,8,8,8,8,8,8,8,8,8]} 1. e4 c6 2. d4 d5 3. Nc3 dxe4 4. Nxe4 Nf6 5. Nxf6+ exf6 6. c3 Bd6 7. Bd3 O-O 8. Ne2 Re8 9. O-O {B15: Caro-Kann: 3 Nc3: 3...g6 and 3...dxe4 4 Nxe4 Nf6 5 Nxf6+ exf6.} Na6 {[#]} 10. Be3 $146 ({Predecessor:} 10. Bf4 Nc7 11. Qd2 Be6 12. Rfe1 Nd5 13. Bg3 g6 14. a3 Bxg3 15. hxg3 Qd6 16. c4 Ne7 {0-1 (59) Maghsoodloo,P (2676)-Svane,R (2613) chess.com INT 2020}) 10... Nc7 11. c4 a5 12. Qc2 g6 13. Nc3 f5 14. Qd2 Qf6 15. c5 Bf8 16. Bf4 Ne6 17. Be5 Qd8 18. Qe3 $2 (18. Rae1 $11 {and White stays safe.}) 18... f6 $19 19. Bd6 {[#]} Bxd6 (19... Nxc5 $1 $19 {[%mdl 512]} 20. Bc4+ (20. dxc5 Rxe3) 20... Be6) 20. cxd6 $17 Qxd6 21. Rfe1 Bd7 22. Bc4 b5 23. Bxe6+ Bxe6 24. Qf3 Rad8 25. a3 a4 26. Rac1 Re7 27. h3 Rde8 28. Qe3 (28. Re3 $142) 28... Bf7 $19 29. Qd2 Rxe1+ 30. Rxe1 Rxe1+ 31. Qxe1 Qxd4 32. Qc1 Bb3 33. Ne2 Qe5 34. Qd2 Bd5 35. Nc3 f4 36. Kh2 g5 37. f3 Kg7 38. Qf2 Qe3 39. Qc2 Bb3 40. Qf5 Be6 41. Qc2 f5 (41... h5 $19 {has better winning chances.} 42. Ne4 Bd5) 42. Nd1 $17 Qb6 (42... Qe5 $1 $17 43. Qxc6 g4 44. hxg4 fxg4 45. fxg4 Bxg4 46. Qb7+ Kf8 47. Qa8+ Ke7 48. Qb7+ Bd7) 43. Qc3+ $11 Kg6 {Strongly threatening ...Bc4.} 44. Qe5 Bb3 {And now ...Qd8 would win.} 45. Qd6+ Kf7 46. Qd7+ Kg6 47. Qe8+ $2 (47. Qd6+ $11 {and White has nothing to worry.} Kf7 48. Qd7+ Kf6 49. Nc3) 47... Bf7 $19 48. Qe5 Qd8 $1 {[%cal Rd8d1]} 49. Nc3 Qf6 50. Qc7 h5 51. Qb8 Qe7 52. Qb6 (52. Kh1 $142) 52... Qe6 (52... g4 $142 53. Qxc6+ Kg7 54. hxg4 hxg4 55. fxg4 fxg4) 53. Qc7 Be8 {[#]} ({Black should play} 53... h4 $19 54. Qb6 Kg7 55. Qd4+ Kh6) 54. Qb8 (54. h4 $1 $17 {[%mdl 512]}) 54... h4 55. Qc7 Kf6 56. Qd8+ {[#]} Qe7 $1 {[%cal Re7d8]} 57. Qd4+ Kg6 58. Qb6 (58. Qh8 $142) 58... Kh7 59. Qb8 Bf7 60. Qb6 g4 $2 (60... Qe8 $19 61. Qc5 Kg6 62. Qd6+ Qe6) 61. hxg4 $11 fxg4 62. fxg4 Qe5 63. Qf2 Kg7 {Threatens to win with ...b4!} 64. Qxh4 f3+ 65. Qg3 Qxg3+ 66. Kxg3 fxg2 67. Kxg2 {[%mdl 4096] Endgame KB-KN} Kf6 68. Kf3 Ke5 69. Ke3 Be6 70. g5 Bf5 71. Ne2 Kd5 72. Kd2 Kc4 73. Ke3 c5 {aiming for ...Kb3.} 74. Kd2 Kb3 75. Kc1 {The position is equal.} Bh7 76. Nf4 b4 77. axb4 cxb4 78. g6 Bxg6 79. Nxg6 a3 80. bxa3 bxa3 {( -> ...a2). KN-KP} 81. Kb1 a2+ 82. Ka1 Ka3 83. Ne5 Kb3 84. Nd3 Kc3 85. Nc1 $1 Kc2 86. Nxa2 {White happily takes the draw. Av CentiPawn Loss W=-16/B=-16. Weighted=-17/-22} 1/2-1/2

[Event "Balkan Youth Online-ch 2020"]
[Site "Online"]
[Date "2020.10.31"]
[Round "2.50"]
[White "David, Bogdan-Emanuel"]
[Black "Sukovic, Darko"]
[Result "1-0"]
[WhiteElo "2092"]
[BlackElo "1938"]
[Annotator "TA"]
[PlyCount "127"]
[EventDate "2020.10.31"]
[EventType "swiss"]
[SourceTitle "playchess.com"]
[Source "ChessBase"]
[SourceQuality "1"]

{[%evp 19,126,-28,-20,-16,39,3,89,0,0,0,8,6,14,-2,15,11,25,19,49,57,65,25,24,0,54,20,15,4,10,10,17,-5,14,18,13,11,113,104,114,108,118,113,111,114,108,6,117,85,100,57,51,8,8,8,15,7,8,9,50,46,39,41,69,71,71,26,25,8,8,8,8,8,8,8,8,8,8,8,8,8,8,8,29975,29976,29976,29969,29982,29983,29984,29985,29985,29986,29986,29987,29987,29988,29989,29990,29990,29991,29991,29992,29992,29993,29993,29994,29998,29999,29999]} 1. e4 c6 2. d4 d5 3. Nc3 dxe4 4. Nxe4 Bf5 5. Ng3 Bg6 6. h4 h6 7. Nh3 Nf6 8. Nf4 Bh7 9. Bc4 e6 10. O-O Bd6 11. c3 {B18: Classical Caro-Kann: 4...Bf5 sidelines.} Qc7 (11... O-O $11) 12. Qf3 Nbd7 {[#]} (12... O-O $11) 13. Re1 (13. Bxe6 $1 $16 {[%mdl 512]} fxe6 14. Nxe6 {[%mdl 64] Double Attack}) 13... O-O $11 14. Nfh5 Nxh5 15. Nxh5 Bg6 16. Qg4 Bxh5 17. Qxh5 {[#] Strongly threatening Bxh6!} Nf6 $146 ({Predecessor:} 17... Bf4 18. Qf3 Bxc1 19. Raxc1 c5 20. dxc5 Qxc5 21. Qxb7 Qxc4 22. Qxd7 Qxa2 23. Qd2 Rab8 {1-0 (92) McPhillips,J (2200)-Van Kemenade,R (2068) Aberystwyth 2014}) 18. Qf3 b5 19. Bd3 Nd5 20. Qe4 {[%csl Gd3][%cal Re4h7]} Nf6 21. Qf3 {Black must now prevent Bxh6!} Nd5 $1 22. Bd2 Bf4 23. Qe4 $40 {[%csl Gd3][%cal Re4h7][%mdl 128] Black needs to defend precisely.} g6 24. Bxf4 Qxf4 25. a4 a6 26. Qxf4 Nxf4 27. Be4 Rfc8 (27... Nd5 $11) 28. axb5 $16 axb5 29. Rxa8 Rxa8 30. Bxc6 {[%mdl 4096] Endgame KRB-KRN} Ra2 31. Rb1 b4 32. cxb4 ({White should play} 32. g3 $16 Nd5 33. c4) 32... Kf8 (32... Ne2+ $11 {keeps the balance.} 33. Kf1 Nxd4) 33. Kf1 Ke7 34. Be4 Ra4 35. b5 Rxd4 36. Bc6 Rb4 37. Rd1 Rxb2 38. g3 Nh3 39. b6 Rxb6 40. Bg2 Nf4 41. gxf4 $14 {KRB-KR} Rb4 42. Re1 {Threatens to win with Re4.} (42. h5 {looks sharper.} gxh5 43. f5 exf5 44. Bd5 Kf6 45. Kg2) 42... Rxf4 43. Re4 Rxe4 44. Bxe4 $11 {KB-KP} f5 45. Bg2 Kf6 46. Ke2 h5 47. Ke3 {f3 is the strong threat.} e5 $1 48. Kd3 g5 49. Kc4 gxh4 50. Kd5 {And now f3 would win.} Kg5 $2 {[%mdl 8192] Loses the game.} (50... h3 $11 51. Bxh3 e4) 51. Kxe5 {KB-K3P. White mates.} Kg4 52. Bh1 Kg5 53. f4+ Kg4 54. Bc6 h3 {[#]} 55. Bd7 $1 Kg3 56. Bxf5 {KB-KPP} h2 57. Be4 Kf2 58. f5 Kg1 59. f6 h1=Q 60. Bxh1 Kxh1 61. f7 h4 62. f8=Q h3 63. Qf2 h2 64. Qf1# {Av CentiPawn Loss W=-9/B=-32. Weighted=-17/-41} 1-0

[Event "Balkan Youth Online-ch 2020"]
[Site "Online"]
[Date "2020.10.31"]
[Round "2.51"]
[White "Zvezdakoski Matej"]
[Black "Gunduz, Umut Erdem"]
[Result "1-0"]
[WhiteElo "1917"]
[BlackElo "2137"]
[Annotator "TA"]
[PlyCount "43"]
[EventDate "2020.10.31"]
[EventType "swiss"]
[SourceTitle "playchess.com"]
[Source "ChessBase"]
[SourceQuality "1"]

{[%evp 9,43,14,11,16,30,22,22,15,29,-59,77,79,85,69,238,225,245,222,248,253,372,357,277,247,652,624,1079,1105,1595,1573,1584,1548,1560,1471,1564,1546]} 1. e4 e5 2. Nf3 Nc6 3. Bc4 Bc5 4. d3 Nf6 5. c3 d6 6. a4 {C54: Giuoco Piano: 4 c3 Nf6, main lines with 5 d4 and 5 d3.} a6 7. Nbd2 O-O 8. h3 {The position is equal.} h6 9. g4 ({White should play} 9. O-O $11) 9... d5 (9... Ne7 $15 {stays ahead.}) 10. exd5 $16 Nxd5 11. Ne4 {[#]} Ba7 $146 {[#] This move loses the game for Black.} (11... Be7 $1 $14) ({Predecessor:} 11... Be7 12. g5 Nf4 13. Bxf4 exf4 14. gxh6 gxh6 15. Rg1+ Kh8 16. Nfg5 Bxg5 17. Nxg5 Ne5 18. Qh5 Qf6 19. Ne4 Qb6 20. Qxe5+ f6 21. Qe7 {1-0 (21) Kruckenhauser,A (2233)-Freitag,M (2356) Playchess.com INT 2020}) 12. g5 $1 $18 {[%cal Rg5h6]} hxg5 13. Bxg5 f6 {[#]} 14. Bxf6 $1 gxf6 (14... Rxf6 {is a better defense.} 15. Nxf6+ gxf6) 15. Rg1+ Kf7 {Hoping for ...Rh8.} ({Not} 15... Kh8 $2 16. Nh4 $18) 16. Nh4 {Strongly threatening Qh5+.} Rh8 $2 (16... Nce7) 17. Qf3 {Black must now prevent Bxd5+.White is clearly winning.} Rxh4 18. Bxd5+ $1 {[%mdl 64] Overworked Piece} Qxd5 19. Qxf6+ {[%mdl 64] Double Attack} Ke8 20. Qxh4 Qf7 21. Qh8+ Ke7 22. Rg7 {Av CentiPawn Loss W=-20/B=-118. Weighted=-27/-102} 1-0

[Event "Balkan Youth Online-ch 2020"]
[Site "Online"]
[Date "2020.10.31"]
[Round "2.52"]
[White "Iustin, Silviu"]
[Black "Triantos, Konstantinos"]
[Result "0-1"]
[WhiteElo "1998"]
[BlackElo "2210"]
[Annotator "TA"]
[PlyCount "60"]
[EventDate "2020.10.31"]
[EventType "swiss"]
[SourceTitle "playchess.com"]
[Source "ChessBase"]
[SourceQuality "1"]

{[%evp 14,60,-9,-11,9,-13,-10,-16,-6,-6,-6,-4,0,-15,-19,-73,23,-60,-65,-131,-139,-153,-127,-180,-179,-186,-178,-279,-273,-271,-262,-597,-588,-1171,-1152,-1165,-1164,-5402,-5381,-4918,-4910,-4898,-4290,-6270,-2498,-6187,-5918,-29988,-477]} 1. e4 c5 2. Nc3 d6 3. Bb5+ Bd7 4. Bxd7+ Qxd7 5. f4 Nc6 6. Nf3 g6 7. O-O Bg7 8. d3 Nh6 {B23: Closed Sicilian: Lines without g3.} 9. Qe1 f5 10. h3 O-O {The position is equal.} 11. Be3 {[#]} b6 $146 ({Predecessor:} 11... Nd4 12. Qf2 Nxf3+ 13. Qxf3 Rac8 14. Rad1 b5 15. Rd2 a5 16. Nd5 Rb8 17. d4 c4 {0-1 (52) Padurariu,I (2220)-Rubio Mejia,L (2327) Pamplona 2007}) 12. Rd1 e6 13. Qh4 Rae8 14. g4 (14. Ng5 $11 {keeps the balance.}) 14... Qd8 (14... Nf7 $17) 15. g5 (15. Ng5 $11) 15... Nf7 $15 16. d4 {White is on the road to losing.} (16. Qf2 $15) 16... cxd4 17. Nxd4 Nxd4 18. Bxd4 (18. Rxd4 $17 {was called for.} Bxd4 19. Bxd4) 18... e5 $19 {[%mdl 64] [#] Overworked Piece} 19. fxe5 Nxg5 {Hoping for ...Nf3+!} 20. Qg3 (20. Kg2 {keeps fighting.}) 20... fxe4 21. Qg4 Nf3+ ({Not} 21... dxe5 {[#]} 22. Bxe5 $1 {[%mdl 512]} Rxf1+ 23. Kxf1 $17) 22. Rxf3 $2 (22. Kh1 {was the crucial defense.}) 22... exf3 23. e6 Bxd4+ 24. Rxd4 Qf6 25. Rxd6 f2+ 26. Kf1 Qe5 27. Rd1 Rxe6 {( -> ...Qe1+)} 28. Ne2 Rfe8 (28... Qe3 $142 29. Kg2 Re4 30. Qg3 Qxe2 {[%mdl 64] Double Attack} 31. Qb3+ Rf7 32. Rd8+ Kg7 33. Qc3+ Kh6 34. Qd2+ Qxd2 35. Rxd2 f1=Q+ 36. Kh2 Qf4+ 37. Kh1 Qxd2 38. Kg1 Re1#) 29. Rd2 Qe3 30. Qf4 Qxh3+ {Av CentiPawn Loss W=-231/B=-134. Weighted=-312/-71} 0-1